书目信息 |
| 题名: |
表面及胶体化学
|
|
| 作者: | 黄志宇 , 张太亮 , 鲁红升 编 | |
| 分册: | ||
| 出版信息: | 北京 石油工业出版社 2012.8 |
|
| 页数: | 245页 | |
| 开本: | 26cm | |
| 丛书名: | ||
| 单 册: | ||
| 中图分类: | O647.11 , O648 | |
| 科图分类: | ||
| 主题词: | 表面化学--高等学校--教材 , 胶体化学--高等学校--教材 | |
| 电子资源: | ||
| ISBN: | 978-7-5021-9153-5 | |
| 000 | 01149nam0 2200301 450 | |
| 001 | 0400004174 | |
| 005 | 20171025162123.93 | |
| 010 | @a978-7-5021-9153-5@dCNY30.00 | |
| 100 | @a20121213e20162012em y0chiy0110 ea | |
| 101 | 0 | @achi |
| 102 | @aCN@b110000 | |
| 105 | @aa z 000yy | |
| 106 | @ar | |
| 200 | 1 | @a表面及胶体化学@9biao mian ji jiao ti hua xue@f黄志宇,张太亮,鲁红升编 |
| 205 | @a第2版 | |
| 210 | @a北京@c石油工业出版社@d2012.8@h2016.8 | |
| 215 | @a245页@c图@d26cm | |
| 300 | @a高等院校石油天然气类规划教材 | |
| 330 | @a本书主要介绍了液体的表面张力和弯曲液面的附加压力,液体在固体表面的润湿作用及润湿的判断方法、测定方法和润湿的应用,固体表面的吸附作用、等温吸附方程及吸附的应用,表面活性剂的吸附,泡沫的形成和应用及泡沫的消泡,胶体的制备及纯化,胶体的动力学性质,胶体的电学性质,胶体的稳定性等内容。 | |
| 606 | 0 | @a表面化学@x高等学校@j教材 |
| 606 | 0 | @a胶体化学@x高等学校@j教材 |
| 690 | @aO647.11@v5 | |
| 690 | @aO648@v5 | |
| 701 | 0 | @a黄志宇@9huang zhi yu@4编 |
| 701 | 0 | @a张太亮@9zhang tai liang@4编 |
| 701 | 0 | @a鲁红升@9lu hong sheng@4编 |
| 801 | 0 | @aCN@b91MARC@c20171023 |
| 905 | @b1028026-30@dO647.11@f5@e60=2 | |
| 表面及胶体化学/黄志宇,张太亮,鲁红升编.-第2版.-北京:石油工业出版社,2012.8(2016.8) |
| 245页:图;26cm |
| 高等院校石油天然气类规划教材 |
| ISBN 978-7-5021-9153-5:CNY30.00 |
| 本书主要介绍了液体的表面张力和弯曲液面的附加压力,液体在固体表面的润湿作用及润湿的判断方法、测定方法和润湿的应用,固体表面的吸附作用、等温吸附方程及吸附的应用,表面活性剂的吸附,泡沫的形成和应用及泡沫的消泡,胶体的制备及纯化,胶体的动力学性质,胶体的电学性质,胶体的稳定性等内容。 |
| ● |
| 相关链接 |
|
|
|
|
正题名:表面及胶体化学
索取号:O647.11/60=2
 
预约/预借
| 序号 | 登录号 | 条形码 | 馆藏地/架位号 | 状态 | 备注 |
| 1 | 1028026 | 210280266 | 第二样本阅览室/ [索取号:O647.11/60=2] | 在馆 | |
| 2 | 1028027 | 210280275 | 密集书库-化学系/ [索取号:O647.11/60=2] | 在馆 | |
| 3 | 1028028 | 210280284 | 第三借阅区/ [索取号:O647.11/60=2] | 在馆 | |
| 4 | 1028029 | 210280293 | 第三借阅区/ [索取号:O647.11/60=2] | 在馆 | |
| 5 | 1028030 | 210280300 | 第三借阅区/ [索取号:O647.11/60=2] | 在馆 |